00293nam a2200121Ia 4500100001800000650001200018654001400030245005600044260003600100082001500136300000800151546001200159 aIngham/David  aGeneral aTax Guide aDavid Ingram''''s The Ultimate Year Round Tax Guide bHanock House Pub.aSurreyc1990 a336.2bTay a255 aENGLISH